logo

Bir Sreshtho Munshi Abdur Rouf Library
Jhenaidah Cadet College

Analysis patterns : reusable object models (Record no. 14169)

MARC details
000 -LEADER
fixed length control field 00836nam a2200253 a 4500
001 - CONTROL NUMBER
JCCL Control Number 14169
003 - CONTROL NUMBER IDENTIFIER
JCCL marc code BD-JhCC
005 - DATE AND TIME OF LATEST TRANSACTION
control field 20250205125101.0
008 - FIXED-LENGTH DATA ELEMENTS--GENERAL INFORMATION
fixed length control field 250204b1999 u a|||| ||a| 001 0 eng d
020 ## - INTERNATIONAL STANDARD BOOK NUMBER
International Standard Book Number 0130834432
035 ## - SYSTEM CONTROL NUMBER
system control number (BD-JhCC)14169
040 ## - CATALOGING SOURCE
Original cataloging agency BD-JhCC
Modifying agency BD-JhCC
041 ## - LANGUAGE CODE
Language code of Book English
082 ## - DEWEY DECIMAL CLASSIFICATION NUMBER
Classification number 621.3822
Author mark and Year OPP 1999
100 ## - MAIN ENTRY--PERSONAL NAME
Personal name Oppenheim, Alan V.
245 ## - TITLE STATEMENT
Title Analysis patterns : reusable object models
Remainder of title reusable object models /
Statement of responsibility, etc Alan V. Oppenheim, Ronald W. Schafer, John R. Buck.
260 ## - PUBLICATION, DISTRIBUTION, ETC. (IMPRINT)
Place of publication, distribution, etc America:
Name of publisher, distributor, etc Prentice Hall;
Date of publication, distribution, etc 1999.
300 ## - PHYSICAL DESCRIPTION
Pagination xxvi, 870 p. :
Other physical details ill;
Dimensions 24 cm.
651 ## - SUBJECT ADDED ENTRY--GEOGRAPHIC NAME
Geographic name DISCRETE COSINE TRANSFORM
Form subdivision Signal processing Mathematics
General subdivision Signal processing Digital techniques
Geographic subdivision Signaalverwerking
700 ## - ADDED ENTRY--PERSONAL NAME
Personal name Schafer, Ronald W.
700 ## - ADDED ENTRY--PERSONAL NAME
Personal name Buck,John R.
942 ## - ADDED ENTRY ELEMENTS (KOHA)
Source of classification or shelving scheme Dewey Decimal Classification
Koha item type Books
Holdings
Source of classification or shelving scheme Damaged status Not for loan Home library Current library Shelving location Date of accession Source of acquisition Cost, normal purchase price Total Checkouts Full call number Barcode Date last seen Copy number Method of acquisition Koha item type Currency
Dewey Decimal Classification     JCC Rouf Library JCC Rouf Library General Stacks   With the compliments of Shahriar Imtiaz Rahman,27/1483/K 1750.00   621.3822 OPP 1999 19850 02/05/2025 C-1 Gift/Donation Books BDT

JCC Library | Contacts | JCC Home

Last Update on 23 September 2017
Copyright @ 2017-2020 JCC Rouf Library
Rouf Library, Jhenidah Cadet College (JCC), Bangladesh